000 00245nam a2200097Ia 4500
001 683542
005 20250826161440.0
008 250824s9999 xx 000 0 und d
245 0 _aBEN BU OYUNU YAZARIM
_cANDREW DONKİN
260 _bTİMAŞ YAYINLARI
999 _c683542
_d683542